Textbook of Applied Microbiology and Infection Control Including Safety (Record no. 367133)

MARC details
000 -LEADER
fixed length control field 00484nam a22001697a 4500
003 - CONTROL NUMBER IDENTIFIER
control field OSt
005 - DATE AND TIME OF LATEST TRANSACTION
control field 20250701154934.0
008 - FIXED-LENGTH DATA ELEMENTS--GENERAL INFORMATION
fixed length control field 250701b |||||||| |||| 00| 0 eng d
020 ## - INTERNATIONAL STANDARD BOOK NUMBER
International Standard Book Number 9789356963771
100 ## - MAIN ENTRY--PERSONAL NAME
Personal name Clement, I.
9 (RLIN) 119826
245 ## - TITLE STATEMENT
Title Textbook of Applied Microbiology and Infection Control Including Safety
250 ## - EDITION STATEMENT
Edition statement 1st Edition
260 ## - PUBLICATION, DISTRIBUTION, ETC. (IMPRINT)
Place of publication, distribution, etc. New Delhi
Name of publisher, distributor, etc. Jaypee Brothers Medical Publishers
Date of publication, distribution, etc. 2024
300 ## - PHYSICAL DESCRIPTION
Extent XI;529P.
650 ## - SUBJECT ADDED ENTRY--TOPICAL TERM
Source of heading or term Microbiology
942 ## - ADDED ENTRY ELEMENTS (KOHA)
Source of classification or shelving scheme Dewey Decimal Classification
Koha item type Donated Book
Holdings
Withdrawn status Lost status Source of classification or shelving scheme Damaged status Not for loan Home library Current library Date acquired Vendor Cost, normal purchase price Total Checkouts Total Renewals Full call number Barcode Date last seen Date last checked out Cost, replacement price Bill Date Koha item type
    Dewey Decimal Classification     Sitabai Nargundkar College of Nursing Nagpur Sitabai Nargundkar College of Nursing Nagpur 26/06/2025 Donated by Sneha Radheshyam Pingale 695.00 8 2 616.01/CLE SNCN-DB-329 16/01/2026 19/12/2025 695.00 26/06/2025 Donated Book